000
00289nam a2200097Ia 4500
008
241105s9999 xx 000 0 und d
041
_a
eng
100
_a
Bapat Tejal
245
_a
Landscape Proposal For Pedestrian Friendly Neighbourhood In Pune
260
_b
M Arch Landscape BNCA, Pune
_c
2015
999
_c
361095
_d
361095